<?xml version="1.0" encoding="UTF-8"?>
<collection xmlns="http://www.loc.gov/MARC21/slim">
 <record>
  <leader>03680nam a2200277 a 4500</leader>
  <controlfield tag="001">1/44660</controlfield>
  <controlfield tag="008">140624s2002    us            001 0 eng  </controlfield>
  <datafield tag="020" ind1=" " ind2=" ">
   <subfield code="a">9781931836548</subfield>
  </datafield>
  <datafield tag="020" ind1=" " ind2=" ">
   <subfield code="a">193183654X</subfield>
  </datafield>
  <datafield tag="035" ind1=" " ind2=" ">
   <subfield code="l">47614</subfield>
  </datafield>
  <datafield tag="040" ind1=" " ind2=" ">
   <subfield code="a">OPELS</subfield>
   <subfield code="b">eng</subfield>
   <subfield code="c">OPELS</subfield>
   <subfield code="d">OCLCA</subfield>
   <subfield code="d">DEBBG</subfield>
   <subfield code="d">OCLCQ</subfield>
   <subfield code="d">OCLCF</subfield>
   <subfield code="d">GR-PeUP</subfield>
  </datafield>
  <datafield tag="245" ind1="0" ind2="0">
   <subfield code="a">C# for Java programmers</subfield>
   <subfield code="h">[electronic resource] /</subfield>
   <subfield code="c">Brian Bagnall ... [et al.].</subfield>
  </datafield>
  <datafield tag="260" ind1=" " ind2=" ">
   <subfield code="a">Rockland, MA. :</subfield>
   <subfield code="b">Syngress Pub.,</subfield>
   <subfield code="c">c2002.</subfield>
  </datafield>
  <datafield tag="300" ind1=" " ind2=" ">
   <subfield code="a">1 online resource (xxvi, 613 p.) :</subfield>
   <subfield code="b">ill.</subfield>
  </datafield>
  <datafield tag="520" ind1=" " ind2=" ">
   <subfield code="a">Java Programmers, Preprare for Microsoft's .NET initiative while enhancing your repertoire and marketability with C# for Java Progammers! C#for Java Programmers will prepare readers for the .NET framework by building on what they already know about object-oriented languages and give them the means to maintain their flexibility and effectiveness in an un-certain marketplace. This book will compare and contrast the advantages and disadvantages of both Java and C# to allow programmers to make their own decisions regarding what each language is best used for. Whatever your feelings are about Microsoft and its .NET initiative, there can be no denying that C#is here to stay. The C# language, a close cousin to Java, is a new object-oriented programming language (OOPL) designed to work within the .NET framework. It improves upon many of the vague or ill-defined areas of C++ that frequently lead programmers into trouble. C# is a strongly-typed, object-oriented language designed to give the optimum blend of simplicity, expressiveness, and performance. Written specifically for Java programmers. C# for Java Programmers is not an introductory guide to C#, but builds on what Java programmers already know about object-oriented languages to give them an efficient means for making in-roads to the .NET framework. Compare and Contrast. This book will compare and contrast many of the advantages and drawbacks of Java and C# to allow programmers to make informed, intelligent decisions based on the unique uses of each language. Make your own in-depth analysis of C#and Java with the Syngress Wallet CD. Accompanying each book will be a wallet CD containing the HTML version of the text and in-depth code comparison to allow programmers to see for themselves the various differences between Java and C#.</subfield>
  </datafield>
  <datafield tag="505" ind1="0" ind2=" ">
   <subfield code="a">Part 1: Language Similarities -- 1. An Introduction to C# -- 2. Language Fundamentals -- 3. Declarations and Access Controls -- 4. Operators and Assignments -- 5. Flow Control -- 6. Exception Handling -- 7. Garbage Collection -- Part 2: Language Features not in Java -- 8. Enumerators -- 9. Structs and Properties -- 10. Pointers, Delegates and Primitive Parameters by Reference -- 11. Boxing and Unboxing -- 12. Working with native DLL's -- 13. Interoperation with COM -- Part 3: .NET's Basic Class Libraries vs. Java's Class Libraries -- 14. Strings -- 15. Input/Output -- 16.Networking -- 17. Threading -- 18. Collections -- 19. Reflection -- CD-ROM Contents: -- C# keywords and their Java equivalent -- Example codes for the key differences between the two languages -- A copy of the .Net's Basic Class Library API's.</subfield>
  </datafield>
  <datafield tag="500" ind1=" " ind2=" ">
   <subfield code="a">&quot;Download all of the source code from www.syngress.com&quot;--Cover.</subfield>
  </datafield>
  <datafield tag="500" ind1=" " ind2=" ">
   <subfield code="a">Includes index.</subfield>
  </datafield>
  <datafield tag="650" ind1=" " ind2="4">
   <subfield code="a">C# (Computer program language).</subfield>
  </datafield>
  <datafield tag="650" ind1=" " ind2="4">
   <subfield code="a">Java (Computer program language).</subfield>
  </datafield>
  <datafield tag="655" ind1=" " ind2="4">
   <subfield code="a">Electronic books.</subfield>
  </datafield>
  <datafield tag="700" ind1="1" ind2=" ">
   <subfield code="a">Bagnall, Brian,</subfield>
   <subfield code="d">1972-</subfield>
  </datafield>
  <datafield tag="852" ind1=" " ind2=" ">
   <subfield code="a">INST</subfield>
   <subfield code="b">UNIPILB</subfield>
   <subfield code="c">EBOOKS</subfield>
   <subfield code="e">20140624</subfield>
   <subfield code="p">00b47614</subfield>
   <subfield code="q">00b47614</subfield>
   <subfield code="t">ONLINE</subfield>
   <subfield code="y">0</subfield>
  </datafield>
  <datafield tag="856" ind1="4" ind2="0">
   <subfield code="3">ScienceDirect</subfield>
   <subfield code="u">http://www.sciencedirect.com/science/book/9781931836548</subfield>
  </datafield>
  <datafield tag="856" ind1="4" ind2=" ">
   <subfield code="d">/webopac/covers/03/47614_9781931836548.jpg</subfield>
  </datafield>
  <datafield tag="856" ind1="4" ind2=" ">
   <subfield code="d">/webopac/covers/03/47614_193183654X.jpg</subfield>
  </datafield>
 </record>
</collection>
